| 000 -LEADER |
| fixed length control field |
08441cam a2200685 i 4500 |
| 001 - CONTROL NUMBER |
| control field |
21912166 |
| 003 - CONTROL NUMBER IDENTIFIER |
| control field |
NUST |
| 005 - DATE AND TIME OF LATEST TRANSACTION |
| control field |
20220825110002.0 |
| 008 - FIXED-LENGTH DATA ELEMENTS--GENERAL INFORMATION |
| fixed length control field |
210222t20202020nyu 000 0 eng d |
| 010 ## - LIBRARY OF CONGRESS CONTROL NUMBER |
| LC control number |
2020301833 |
| 015 ## - NATIONAL BIBLIOGRAPHY NUMBER |
| National bibliography number |
GBB9I0239 |
| Source |
bnb |
| 016 7# - NATIONAL BIBLIOGRAPHIC AGENCY CONTROL NUMBER |
| Record control number |
019600762 |
| Source |
Uk |
| 020 ## - INTERNATIONAL STANDARD BOOK NUMBER |
| International Standard Book Number |
9781501190407 |
| Qualifying information |
(hardcover) |
| 020 ## - INTERNATIONAL STANDARD BOOK NUMBER |
| International Standard Book Number |
1501190407 |
| Qualifying information |
(hardcover) |
| 035 ## - SYSTEM CONTROL NUMBER |
| System control number |
(OCoLC)on1135349936 |
| 038 ## - RECORD CONTENT LICENSOR |
| Staff Name |
Azhar |
| 040 ## - CATALOGING SOURCE |
| Original cataloging agency |
NjBwBT |
| Language of cataloging |
eng |
| Transcribing agency |
PNX |
| Description conventions |
rda |
| Modifying agency |
PNX |
| -- |
OCLCO |
| -- |
JTH |
| -- |
JQW |
| -- |
TCH |
| -- |
WIM |
| -- |
VP@ |
| -- |
UAP |
| -- |
OCLCF |
| -- |
ILC |
| -- |
YDX |
| -- |
UKMGB |
| -- |
IEP |
| -- |
FLQ |
| -- |
GZS |
| -- |
CDX |
| -- |
XII |
| -- |
GWL |
| -- |
MLL |
| -- |
TXSCH |
| -- |
IUK |
| -- |
MFS |
| -- |
DLC |
| 042 ## - AUTHENTICATION CODE |
| Authentication code |
lccopycat |
| 043 ## - GEOGRAPHIC AREA CODE |
| Geographic area code |
n-us--- |
| 050 00 - LIBRARY OF CONGRESS CALL NUMBER |
| Classification number |
JC599.U5 |
| Item number |
F53 2020 |
| 082 04 - DEWEY DECIMAL CLASSIFICATION NUMBER |
| Classification number |
323.06073 |
| Edition number |
23 |
| Author Mark |
CHA |
| 245 00 - TITLE STATEMENT |
| Title |
Fight of the century : |
| Remainder of title |
writers reflect on 100 years of landmark ACLU cases / |
| Statement of responsibility, etc. |
edited by Michael Chabon & Ayelet Waldman. |
| 246 3# - VARYING FORM OF TITLE |
| Title proper/short title |
Fight of the century : |
| Remainder of title |
writers reflect on 100 years of landmark American Civil Liberties Union cases |
| 246 30 - VARYING FORM OF TITLE |
| Title proper/short title |
Writers reflect on 100 years of landmark American Civil Liberties Union cases |
| 250 ## - EDITION STATEMENT |
| Edition statement |
First Avid Reader Press hardcover edition. |
| 260 ## - PUBLICATION, DISTRIBUTION, ETC. |
| Place of publication, distribution, etc. |
New York : |
| Name of publisher, distributor, etc. |
Avid Reader Press, |
| Date of publication, distribution, etc. |
2020 |
| 264 #4 - PRODUCTION, PUBLICATION, DISTRIBUTION, MANUFACTURE, AND COPYRIGHT NOTICE |
| Date of production, publication, distribution, manufacture, or copyright notice |
©2020 |
| 300 ## - PHYSICAL DESCRIPTION |
| Extent |
xxiv, 305 pages ; |
| Dimensions |
24 cm |
| 336 ## - CONTENT TYPE |
| Content type term |
text |
| Content type code |
txt |
| Source |
rdacontent |
| 337 ## - MEDIA TYPE |
| Media type term |
unmediated |
| Media type code |
n |
| Source |
rdamedia |
| 338 ## - CARRIER TYPE |
| Carrier type term |
volume |
| Carrier type code |
nc |
| Source |
rdacarrier |
| 505 00 - FORMATTED CONTENTS NOTE |
| Title |
Stromberg v. California (1931) / |
| Statement of responsibility |
Viet Thanh Nguyen -- |
| Title |
Powell v. Alabama (1932) and Patterson v. Alabama (1935) / |
| Statement of responsibility |
Jacqueline Woodson -- |
| Title |
United States v. One Book Called "Ulysses" (1933) / |
| Statement of responsibility |
Michael Chabon -- |
| Title |
Edwards v. California (1941) / |
| Statement of responsibility |
Ann Patchett -- |
| Title |
West Virginia State Board of Education v. Barnette (1943) / |
| Statement of responsibility |
Brit Bennett -- |
| Title |
Korematsu v. United States (1944) / |
| Statement of responsibility |
Steven Ozazaki -- |
| Title |
Hannegan v. Esquire (1946) / |
| Statement of responsibility |
Daniel Handler -- |
| Title |
Terminello v. City of Chicago (1949) / |
| Statement of responsibility |
Geraldine Brooks -- |
| Title |
Brown v. Board of Education of Topkea (1954) / |
| Statement of responsibility |
Yaa Gyasi -- |
| Title |
Gideon v. Wainwright (1963) / |
| Statement of responsibility |
Sergio De La Pava -- |
| Title |
Escobedo v. Illinois (1964) / |
| Statement of responsibility |
Dave Eggers -- |
| Title |
New York Times Co. v. Sullivan (1964) / |
| Statement of responsibility |
Timothy Egan -- |
| Title |
Lamont v. Postmaster General (1965) / |
| Statement of responsibility |
Yiyun Li -- |
| Title |
Griswold v. Connecticut (1965) / |
| Statement of responsibility |
Meg Wolitzer -- |
| Title |
Miranda v. Arizona (1966) / |
| Statement of responsibility |
Hectar Tobar -- |
| Title |
Loving v. Virginia (1967) / |
| Statement of responsibility |
Alexksandar Hemon -- |
| Title |
Tinker v. Des Moines Independent Community School District (1969) / |
| Statement of responsibility |
Elizabeth Strout -- |
| Title |
Gregory v. City of Chicago (1969) / |
| Statement of responsibility |
Adrian Nicole LeBlanc -- |
| Title |
Street v. New York (1969) / |
| Statement of responsibility |
Rabih Alameddine -- |
| Title |
Brandenberg v. Ohio (1969) / |
| Statement of responsibility |
Moriel Rothman-Zecher -- |
| Title |
Cohen v. California (1971) / |
| Statement of responsibility |
Jonathan Lethem -- |
| Title |
New York Times Co. v. United States (1971) / |
| Statement of responsibility |
Salman Rushdie -- |
| Title |
Roe v. Wade (1973) and Doe v. Bolton (1973) / |
| Statement of responsibility |
Lauren Groff -- |
| Title |
O'Connor v. Donaldson (1975) / |
| Statement of responsibility |
Ayelet Waldman -- |
| Title |
Weinberger v. Wiesenfeld (1975) / |
| Statement of responsibility |
Jennifer Egan -- |
| Title |
Buckley v. Valeo (1976) / |
| Statement of responsibility |
Scott Turow -- |
| Title |
Bob Jones University v. United States (1983) / |
| Statement of responsibility |
Morgan Parker -- |
| Title |
Church of the Lukumi Babalu Aye v. City of Hialeah (1993) / |
| Statement of responsibility |
Victor Lavalle -- |
| Title |
Hurley v. Irish-American Gay, Lesbian, and Bisexual Group of Boston (1995) / |
| Statement of responsibility |
Michael Cunningham -- |
| Title |
Reno v. ACLU(1997) and Ashcroft v. ACLU (2004) / |
| Statement of responsibility |
Neil Gaiman -- |
| Title |
City of Chicago v. Morales (1999) / |
| Statement of responsibility |
Jesmyn Ward -- |
| Title |
Zadvydas v. David (2001) / |
| Statement of responsibility |
Moses Sumney -- |
| Title |
Immigration and Naturalization Service v. St. Cyr (2001) / |
| Statement of responsibility |
George Saunders -- |
| Title |
Lawrence v. Texas (2003) / |
| Statement of responsibility |
Marlon James -- |
| Title |
Rasul v. Bush (2004) / |
| Statement of responsibility |
William Finnegan -- |
| Title |
Kitzmiller v. Dover Area School District (2005) / |
| Statement of responsibility |
Anthony Doerr -- |
| Title |
Schroer v. Billington (2008) / |
| Statement of responsibility |
Charlie Jane Anders -- |
| Title |
Adoptive Couple v. Baby Girl (2013) / |
| Statement of responsibility |
Brenda J. Child -- |
| Title |
United States v. Windsor (2013) / |
| Statement of responsibility |
Andrew Sean Greer -- |
| Title |
ACLU v. United States Department of Defense, et al. (2018) / |
| Statement of responsibility |
Louise Erdrich. |
| 520 ## - SUMMARY, ETC. |
| Summary, etc. |
To mark its 100-year anniversary, the American Civil Liberties Union partners with award-winning authors Michael Chabon and Ayelet Waldman to bring together many of our greatest living writers, each contributing an original piece inspired by a historic ACLU case. On January 19, 1920, a small group of idealists and visionaries, including Helen Keller, Jane Addams, Roger Baldwin, and Crystal Eastman, founded the American Civil Liberties Union. A century after its creation, the ACLU remains the nation's premier defender of the rights and freedoms guaranteed by the Constitution. In collaboration with the ACLU, authors Michael Chabon and Ayelet Waldman have curated an anthology of essays about landmark cases in the organization's one-hundred-year history. Fight of the Century takes you inside the trials and the stories that have shaped modern life. Some of the most prominent cases that the ACLU has been involved in--Brown v. Board of Education, Roe v. Wade, Miranda v. Arizona--need little introduction. Others you may never even have heard of, yet their outcomes quietly defined the world we live in now. Familiar or little-known, each case springs to vivid life in the hands of the acclaimed writers who dive into the history, narrate their personal experiences, and debate the questions at the heart of each issue. Hector Tobar introduces us to Ernesto Miranda, the felon whose wrongful conviction inspired the now-iconic Miranda rights--which the police would later read to the man suspected of killing him. Yaa Gyasi confronts the legacy of Brown v. Board of Education, in which the ACLU submitted a friend of- the-court brief questioning why a nation that has sent men to the moon still has public schools so unequal that they may as well be on different planets. True to the ACLU's spirit of principled dissent, Scott Turow offers a blistering critique of the ACLU's stance on campaign finance. These powerful stories, along with essays from Neil Gaiman, Meg Wolitzer, Salman Rushdie, Ann Patchett, Viet Thanh Nguyen, Louise Erdrich, George Saunders, and many more, remind us that the issues the ACLU has engaged over the past one hundred years remain as vital as ever today, and that we can never take our liberties for granted. Chabon and Waldman are donating their advance to the ACLU and the contributors are forgoing payment. |
| 520 ## - SUMMARY, ETC. |
| Summary, etc. |
"To mark its 100-year anniversary, the American Civil Liberties Union asked authors to contribute an original piece inspired by a historic ACLU case. Since its founding on January 19, 1920, the ACLU remains the nation's premier defender of the rights and freedoms guaranteed by the Constitution. This collection takes readers inside the trials and the stories that have shaped modern life. Some are the most prominent cases that the ACLU has been involved in; others you may never even have heard of, yet their outcomes quietly defined the world we live in now"--Adapted from the book jacket. |
| 610 20 - SUBJECT ADDED ENTRY--CORPORATE NAME |
| Corporate name or jurisdiction name as entry element |
American Civil Liberties Union. |
| 9 (RLIN) |
95967 |
| 610 27 - SUBJECT ADDED ENTRY--CORPORATE NAME |
| Corporate name or jurisdiction name as entry element |
American Civil Liberties Union. |
| Source of heading or term |
fast |
| Authority record control number or standard number |
(OCoLC)fst00534874 |
| 9 (RLIN) |
95967 |
| 650 #0 - SUBJECT ADDED ENTRY--TOPICAL TERM |
| Topical term or geographic name entry element |
Civil rights |
| Geographic subdivision |
United States |
| General subdivision |
Cases. |
| 9 (RLIN) |
95968 |
| 650 #7 - SUBJECT ADDED ENTRY--TOPICAL TERM |
| Topical term or geographic name entry element |
LITERARY COLLECTIONS / Essays. |
| Source of heading or term |
bisacsh |
| 9 (RLIN) |
95969 |
| 650 #7 - SUBJECT ADDED ENTRY--TOPICAL TERM |
| Topical term or geographic name entry element |
POLITICAL SCIENCE / Civil Rights. |
| Source of heading or term |
bisacsh |
| 9 (RLIN) |
95970 |
| 650 #7 - SUBJECT ADDED ENTRY--TOPICAL TERM |
| Topical term or geographic name entry element |
HISTORY / United States / General. |
| Source of heading or term |
bisacsh |
| 9 (RLIN) |
93652 |
| 650 #7 - SUBJECT ADDED ENTRY--TOPICAL TERM |
| Topical term or geographic name entry element |
Civil rights. |
| Source of heading or term |
fast |
| Authority record control number or standard number |
(OCoLC)fst00862627 |
| 9 (RLIN) |
85538 |
| 650 #7 - SUBJECT ADDED ENTRY--TOPICAL TERM |
| Topical term or geographic name entry element |
Civil rights |
| Geographic subdivision |
United States. |
| Source of heading or term |
sears |
| 9 (RLIN) |
95971 |
| 651 #7 - SUBJECT ADDED ENTRY--GEOGRAPHIC NAME |
| Geographic name |
United States. |
| Source of heading or term |
fast |
| Authority record control number or standard number |
(OCoLC)fst01204155 |
| 655 #7 - INDEX TERM--GENRE/FORM |
| Genre/form data or focus term |
Trials, litigation, etc. |
| Source of term |
fast |
| Authority record control number |
(OCoLC)fst01423712 |
| 700 1# - ADDED ENTRY--PERSONAL NAME |
| Personal name |
Chabon, Michael, |
| Relator term |
editor. |
| 9 (RLIN) |
95972 |
| 700 1# - ADDED ENTRY--PERSONAL NAME |
| Personal name |
Waldman, Ayelet, |
| Relator term |
editor. |
| 9 (RLIN) |
95973 |
| 700 12 - ADDED ENTRY--PERSONAL NAME |
| Personal name |
Nguyen, Viet Thanh, |
| Dates associated with a name |
1971- |
| Title of a work |
Stromberg v. California (1931) |
| 9 (RLIN) |
95974 |
| 700 12 - ADDED ENTRY--PERSONAL NAME |
| Personal name |
Woodson, Jacqueline. |
| Title of a work |
Powell v. Alabama (1932) and Patterson v. Alabama (1935) |
| 9 (RLIN) |
95975 |
| 700 12 - ADDED ENTRY--PERSONAL NAME |
| Personal name |
Chabon, Michael. |
| Title of a work |
United States v. One book called "Ulysses" (1933) |
| 9 (RLIN) |
95976 |
| 700 12 - ADDED ENTRY--PERSONAL NAME |
| Personal name |
Patchett, Ann. |
| Title of a work |
Edwards v. California (1941) |
| 9 (RLIN) |
95977 |
| 700 12 - ADDED ENTRY--PERSONAL NAME |
| Personal name |
Bennett, Brit. |
| Title of a work |
West Virginia State Board of Education v. Barnette (1943) |
| 9 (RLIN) |
95978 |
| 700 12 - ADDED ENTRY--PERSONAL NAME |
| Personal name |
Okazaki, Steven. |
| Title of a work |
Korematsu v. United States (1944) |
| 9 (RLIN) |
95979 |
| 700 12 - ADDED ENTRY--PERSONAL NAME |
| Personal name |
Handler, Daniel. |
| Title of a work |
Hannegan v. Esquire (1946) |
| 9 (RLIN) |
95980 |
| 700 12 - ADDED ENTRY--PERSONAL NAME |
| Personal name |
Brooks, Geraldine. |
| Title of a work |
Terminiello v. City of Chicago (1949) |
| 9 (RLIN) |
95981 |
| 700 12 - ADDED ENTRY--PERSONAL NAME |
| Personal name |
Gyasi, Yaa. |
| Title of a work |
Brown v. Board of Education of Topeka (1954) |
| 9 (RLIN) |
95982 |
| 700 12 - ADDED ENTRY--PERSONAL NAME |
| Personal name |
Pava, Sergio de la. |
| Title of a work |
Gideon v. Wainwright (1963) |
| 9 (RLIN) |
95983 |
| 906 ## - LOCAL DATA ELEMENT F, LDF (RLIN) |
| a |
7 |
| b |
cbc |
| c |
copycat |
| d |
3 |
| e |
ncip |
| f |
20 |
| g |
y-gencatlg |
| 942 ## - ADDED ENTRY ELEMENTS (KOHA) |
| Source of classification or shelving scheme |
|
| Koha item type |
Lincoln Corner |